| 000 | 00722nam a2200205Ia 4500 | ||
|---|---|---|---|
| 003 | GCL | ||
| 008 | 140319s9999 xx 000 0 ara d | ||
| 040 |
_aGCL / _cGCL |
||
| 082 | 0 | 4 |
_a940.5318 _bف ك |
| 100 | 1 | _aفينكلشتاين، نورمان | |
| 245 | 1 | 0 |
_aكيف صنع اليهود الهولوكوست ؟ / _cفينكلشتاين، نورمان |
| 700 | 1 | _aمارى شهرستان | |
| 260 |
_aسوريا : _bالاوائل للنشر والتوزيع ، _c2003 |
||
| 300 |
_a224 ص ؛ _c16 سم |
||
| 650 | 0 | 4 | _aاليهودية |
| 650 | 0 | 4 | _aالهولوكوست |
| 650 | 0 | 4 | _aمحرقة اليهود |
| 650 | 0 | 4 | _aالحرب العالمية الثانية - اليهود - ابادة |
| 942 |
_2ddc _cBK |
||
| 999 |
_c8502 _d8502 |
||